000
00317 a2200109 4500
001
ART_2647
005
20260410161728.0
008
260409a
245
1
0
_a
Antropología económica
100
1
_a
Demonte, Norberto Gabriel
773
0
_t
Ciencias económicas
_g
- Año 5, Vol. 2 (dic. 2007)
_w
REV2567
999
_c
17589
_d
17589